[Event "Udine Oro Caffe op 2nd"]
[Site "Udine"]
[Date "2009.07.11"]
[Round "6"]
[White "Visintin, Roberto"]
[Black "Venuti, Federico"]
[Result "1-0"]
[WhiteElo "2033"]
[BlackElo "1718"]
[PlyCount "81"]
[EventDate "2009.07.06"]
[EventType "swiss"]
[EventRounds "7"]
[EventCountry "ITA"]
[SourceTitle "EXT 2011"]
[Source "ChessBase"]
[SourceDate "2010.11.26"]
[SourceVersion "1"]
[SourceVersionDate "2010.11.26"]
[SourceQuality "1"]

1. d4 e6 2. Nf3 d5 3. Bf4 c5 4. e3 Nc6 5. c3 Bd7 6. Nbd2 Nf6 7. Bd3 cxd4 8. exd4 Be7 9. Ne5 a6 10. 0-0 0-0 11. Re1 Rc8 12. Qf3 Be8 13. Qh3 g6 14. Bh6 Bd7 15. Bxf8 Bxf8 16. Ndf3 Nh5 17. g3 Nxe5 18. Nxe5 Bc6 19. Qg4 Nf6 20. Qg5 Be7 21. Qf4 Be8 22. a4 Kg7 23. a5 Nh5 24. Qf3 Kg8 25. Bc2 Nf6 26. h4 Nd7 27. Nxd7 Bxd7 28. h5 Bf6 29. Ba4 Bxa4 30. Rxa4 Kg7 31. Rb4 Rb8 32. Rb6 Be7 33. Qf4 Kg8 34. hxg6 hxg6 35. Kg2 Bg5 36. Qg4 Kg7 37. Rh1 f5 38. Qe2 e5 39. Qxe5+ Bf6 40. Rxf6 Qxf6 41. Qxb8 1-0

[Event "Udine Oro Caffe op 2nd"]
[Site "Udine"]
[Date "2009.07.10"]
[Round "5"]
[White "Pecchiari, Alberto"]
[Black "Venuti, Federico"]
[Result "0-1"]
[WhiteElo "1425"]
[BlackElo "1718"]
[PlyCount "54"]
[EventDate "2009.07.06"]
[EventType "swiss"]
[EventRounds "7"]
[EventCountry "ITA"]
[SourceTitle "EXT 2011"]
[Source "ChessBase"]
[SourceDate "2010.11.26"]
[SourceVersion "1"]
[SourceVersionDate "2010.11.26"]
[SourceQuality "1"]

1. e4 e6 2. d3 d5 3. Nd2 c5 4. Ngf3 Nc6 5. g3 Nf6 6. Bg2 Be7 7. 0-0 0-0 8. Re1 dxe4 9. dxe4 e5 10. h3 Qc7 11. c3 h6 12. Qc2 Be6 13. Nh4 Rfd8 14. Nf5 Bf8 15. b3 Rac8 16. Nf1 b5 17. Qe2 b4 18. Qf3 bxc3 19. Nxh6+ gxh6 20. Qxf6 Bg7 21. Qh4 Qe7 22. Qxe7 Nxe7 23. Be3 c4 24. b4 Nc6 25. b5 Nd4 26. Bxd4 exd4 27. Rac1 d3 0-1

[Event "Udine Oro Caffe op 2nd"]
[Site "Udine"]
[Date "2009.07.09"]
[Round "4"]
[White "Venuti, Federico"]
[Black "Gabassi, Cristina"]
[Result "1/2-1/2"]
[WhiteElo "1718"]
[BlackElo "1635"]
[PlyCount "111"]
[EventDate "2009.07.06"]
[EventType "swiss"]
[EventRounds "7"]
[EventCountry "ITA"]
[SourceTitle "EXT 2011"]
[Source "ChessBase"]
[SourceDate "2010.11.26"]
[SourceVersion "1"]
[SourceVersionDate "2010.11.26"]
[SourceQuality "1"]

1. d4 Nf6 2. e3 e6 3. Bd3 d5 4. f4 c5 5. c3 Be7 6. Nf3 0-0 7. 0-0 Nbd7 8. Nbd2 b6 9. Ne5 Bb7 10. Qf3 Ne8 11. Nxd7 Qxd7 12. f5 Nd6 13. fxe6 fxe6 14. Qh3 Rxf1+ 15. Nxf1 Nf5 16. Bd2 Rf8 17. Ng3 Bd6 18. Rf1 Bxg3 19. hxg3 g6 20. g4 Nd6 21. Rxf8+ Kxf8 22. Qf3+ Qf7 23. Qg3 Qe7 24. Be1 a6 25. Qf4+ Nf7 26. Bg3 Kg7 27. a4 Qg5 28. Kf2 Qf6 29. Ke2 Qxf4 30. Bxf4 c4 31. Bc2 Kf6 32. Bc7 b5 33. axb5 axb5 34. b3 e5 35. bxc4 bxc4 36. Kf3 Bc8 37. Kg3 Ke6 38. Ba4 Nd6 39. Bc2 exd4 40. exd4 Ne4+ 41. Bxe4 dxe4 42. Kf4 Kd5 43. g5 Bf5 44. g3 Bc8 45. Ba5 Bb7 46. Bb4 Ke6 47. Bc5 Kd7 48. Ke3 Kc7 49. Kf4 Bd5 50. Bb4 Kb6 51. Bc5+ Kb5 52. Bb4 Ka4 53. Ke3 Kb3 54. Ba5 Kc2 55. Ke2 Be6 56. Ke3 1/2-1/2

[Event "Udine Oro Caffe op 2nd"]
[Site "Udine"]
[Date "2009.07.08"]
[Round "3"]
[White "Venuti, Federico"]
[Black "Brunello, Roberta"]
[Result "0-1"]
[WhiteElo "1718"]
[BlackElo "1956"]
[PlyCount "88"]
[EventDate "2009.07.06"]
[EventType "swiss"]
[EventRounds "7"]
[EventCountry "ITA"]
[SourceTitle "EXT 2011"]
[Source "ChessBase"]
[SourceDate "2010.11.26"]
[SourceVersion "1"]
[SourceVersionDate "2010.11.26"]
[SourceQuality "1"]

1. d4 d5 2. e3 Nf6 3. Bd3 Nbd7 4. f4 c5 5. c3 e6 6. Nf3 b6 7. Nbd2 Bb7 8. 0-0 Be7 9. Ne5 0-0 10. Qf3 Ne8 11. Qh3 f5 12. Ndf3 Nd6 13. Bd2 Ne4 14. Be1 Rf6 15. Nd2 Rh6 16. Qf3 Nxe5 17. fxe5 Kh8 18. Qe2 Qe8 19. Nxe4 dxe4 20. Bc2 g5 21. Rd1 b5 22. Bg3 Rg6 23. Rf2 Rg7 24. Bb3 c4 25. Bc2 Qg6 26. h3 Rag8 27. Rd2 Bc6 28. a3 h5 29. Bd1 Rh7 30. Bh2 g4 31. hxg4 fxg4 32. g3 Qh6 33. Rf1 Bg5 34. Re1 h4 35. gxh4 Qxh4 36. Qf2 g3 37. Qxg3 Qxg3+ 38. Bxg3 Bh4 39. Rg2 Bxg3 40. Rf1 Bh2+ 41. Kf2 Rf7+ 42. Ke1 Bg3+ 43. Ke2 Rxf1 44. Kxf1 Be8 0-1

[Event "Udine Oro Caffe op 1st"]
[Site "Udine"]
[Date "2008.07.06"]
[Round "2"]
[White "Venuti, Federico"]
[Black "Canciani, Sardo"]
[Result "1-0"]
[WhiteElo "1598"]
[BlackElo "1529"]
[PlyCount "76"]
[EventDate "2008.07.05"]
[EventType "swiss"]
[EventRounds "6"]
[EventCountry "ITA"]
[SourceTitle "EXT 2010"]
[Source "ChessBase"]
[SourceDate "2010.11.25"]
[SourceVersion "1"]
[SourceVersionDate "2010.11.25"]
[SourceQuality "1"]

1. d4 f5 2. e3 Nf6 3. Bd3 e6 4. Nf3 d5 5. Nbd2 c6 6. c4 Be7 7. 0-0 0-0 8. Ne5 Nbd7 9. Nxd7 Bxd7 10. cxd5 cxd5 11. a3 Qb6 12. b4 Rac8 13. Bb2 Bb5 14. Nf3 Qa6 15. Bxb5 Qxb5 16. Ne5 Rc7 17. Rc1 Rfc8 18. Rxc7 Rxc7 19. f3 Nd7 20. Nd3 b6 21. Nf4 Kf7 22. g4 g6 23. gxf5 exf5 24. e4 dxe4 25. fxe4 Nf6 26. exf5 Qxf5 27. d5 Rc2 28. Ng2 Qe4 29. Rf2 Rxf2 30. Kxf2 Ng4+ 31. Kg1 Qxg2+ 32. Kxg2 Ne3+ 33. Kf3 Nxd1 34. Be5 a6 35. Ke2 Nb2 36. Bxb2 Bd6 37. Kf3 b5 38. Kg4 h5+ 1-0

[Event "Udine Province-ch"]
[Site "Udine"]
[Date "2006.12.10"]
[Round "6"]
[White "Venuti, Federico"]
[Black "Rorato, Giovanni"]
[Result "0-1"]
[WhiteElo "1601"]
[BlackElo "2039"]
[PlyCount "53"]
[EventDate "2006.12.02"]
[EventType "swiss"]
[EventRounds "6"]
[EventCountry "ITA"]
[SourceTitle "EXT 2011"]
[Source "ChessBase"]
[SourceDate "2010.11.26"]
[SourceVersion "1"]
[SourceVersionDate "2010.11.26"]
[SourceQuality "1"]

1. d4 Nf6 2. e3 g6 3. Bd3 Bg7 4. Nf3 0-0 5. 0-0 d6 6. b3 c5 7. c3 Nc6 8. Bb2 Bg4 9. h3 Bd7 10. Re1 Nh5 11. Nbd2 Rc8 12. Rb1 b6 13. d5 Nb8 14. c4 a6 15. Bxg7 Kxg7 16. e4 Nf4 17. Bf1 e5 18. dxe6 Bxe6 19. Qc2 Nc6 20. Rbd1 Qf6 21. Qb1 a5 22. a3 Rfd8 23. Qa1 Qxa1 24. Rxa1 Ne5 25. Nxe5 dxe5 26. Nf3 f6 27. Rad1 0-1